<?xml version="1.0" encoding="UTF-8"?>
<record
    xmlns:xsi="http://www.w3.org/2001/XMLSchema-instance"
    xsi:schemaLocation="http://www.loc.gov/MARC21/slim http://www.loc.gov/standards/marcxml/schema/MARC21slim.xsd"
    xmlns="http://www.loc.gov/MARC21/slim">

  <leader>02011nam a2200373 i 4500</leader>
  <controlfield tag="001">768714001</controlfield>
  <controlfield tag="003">CO-MdFUSB</controlfield>
  <controlfield tag="005">20260325114822.0</controlfield>
  <controlfield tag="007">ta</controlfield>
  <controlfield tag="008">241001t1991    sp ||||| |||| 001 0 spa d</controlfield>
  <datafield tag="020" ind1=" " ind2=" ">
    <subfield code="a">84-254-1732-5 </subfield>
  </datafield>
  <datafield tag="040" ind1=" " ind2=" ">
    <subfield code="b">spa.</subfield>
    <subfield code="a">CO-MdFUSB</subfield>
    <subfield code="c">CO-MdFUSB</subfield>
    <subfield code="d">CO-MdFUSBC</subfield>
    <subfield code="e">rda</subfield>
  </datafield>
  <datafield tag="041" ind1=" " ind2=" ">
    <subfield code="a">spa</subfield>
    <subfield code="h">fre</subfield>
  </datafield>
  <datafield tag="082" ind1=" " ind2=" ">
    <subfield code="2">23</subfield>
    <subfield code="a">234.16</subfield>
    <subfield code="b">C511</subfield>
  </datafield>
  <datafield tag="100" ind1=" " ind2=" ">
    <subfield code="a">Chauvet, Louis-Marie</subfield>
    <subfield code="e">autor</subfield>
  </datafield>
  <datafield tag="240" ind1=" " ind2=" ">
    <subfield code="a">Symbole et sacrement. Une relecture sacramentelle de l'existence chr&#xE9;tienne.</subfield>
  </datafield>
  <datafield tag="245" ind1="1" ind2=" ">
    <subfield code="a">S&#xED;mbolo y sacramento : </subfield>
    <subfield code="b">dimensi&#xF3;n constitutiva de la existencia cristiana</subfield>
    <subfield code="c">/ Louis-Marie Chauvet ; traducido por Joan Llopis , Mar&#xED;a Colom</subfield>
  </datafield>
  <datafield tag="264" ind1=" " ind2="1">
    <subfield code="a">Barcelona, Espa&#xF1;a : </subfield>
    <subfield code="b">Herder,</subfield>
    <subfield code="c">[1991]</subfield>
  </datafield>
  <datafield tag="264" ind1=" " ind2="4">
    <subfield code="c">&#xA9;1991</subfield>
  </datafield>
  <datafield tag="300" ind1=" " ind2=" ">
    <subfield code="a">563 p&#xE1;ginas</subfield>
    <subfield code="c">; 22 cm</subfield>
  </datafield>
  <datafield tag="336" ind1=" " ind2=" ">
    <subfield code="2">rdacontent</subfield>
    <subfield code="a">texto</subfield>
    <subfield code="b">txt</subfield>
  </datafield>
  <datafield tag="337" ind1=" " ind2=" ">
    <subfield code="2">rdamedia</subfield>
    <subfield code="a">sin mediaci&#xF3;n</subfield>
    <subfield code="b">n</subfield>
  </datafield>
  <datafield tag="338" ind1=" " ind2=" ">
    <subfield code="2">rdacarrier</subfield>
    <subfield code="a">volumen</subfield>
    <subfield code="b">nc</subfield>
  </datafield>
  <datafield tag="490" ind1=" " ind2=" ">
    <subfield code="a">Biblioteca Herder</subfield>
  </datafield>
  <datafield tag="500" ind1=" " ind2=" ">
    <subfield code="a">Incluye &#xED;ndice</subfield>
  </datafield>
  <datafield tag="505" ind1=" " ind2=" ">
    <subfield code="g">Primera parte:</subfield>
    <subfield code="t">De lo metaf&#xED;sico a lo simb&#xF3;lico.</subfield>
    <subfield code="a">Cr&#xED;tica de los presupuestos ontoteol&#xF3;gicos de la sacramentolog&#xED;a cl&#xE1;sica. -- &#xBF;Superar la ontoteolog&#xED;a? -- La mediaci&#xF3;n.</subfield>
    <subfield code="g">Segunda parte:</subfield>
    <subfield code="t">Los sacramentos en la red simb&#xF3;lica de la fe eclesial.</subfield>
    <subfield code="a">La estructura de la identidad cristiana. -- La relaci&#xF3;n entre Escritura y sacramento. --  La relaci&#xF3;n sacramento-&#xE9;tica. -- Funcionamiento de la estructura: el proceso de intercambio simb&#xF3;lico.</subfield>
    <subfield code="g">Tercera parte: </subfield>
    <subfield code="t">El acto de simbolizaci&#xF3;n de la identidad cristiana. </subfield>
    <subfield code="a">Los sacramentos, actos de simbolizaci&#xF3;n ritual. -- Lo instituido sacramental. -- Lo instituyente sacramental.</subfield>
    <subfield code="g">Cuarta parte: </subfield>
    <subfield code="t">Sacramentolog&#xED;a y Cristolog&#xED;a trinitaria:</subfield>
    <subfield code="a">Los sacramentos de la nueva Pascua. -- Los sacramentos, figuras simb&#xF3;licas del ocultamiento de Dios.</subfield>
  </datafield>
  <datafield tag="563" ind1=" " ind2=" ">
    <subfield code="a">R&#xFA;stica</subfield>
  </datafield>
  <datafield tag="650" ind1=" " ind2="7">
    <subfield code="a">Sacramentos</subfield>
    <subfield code="9">470</subfield>
  </datafield>
  <datafield tag="653" ind1=" " ind2=" ">
    <subfield code="a">S&#xED;mbolos</subfield>
  </datafield>
  <datafield tag="700" ind1=" " ind2=" ">
    <subfield code="a">Llopis, Joan,</subfield>
    <subfield code="9">10806</subfield>
    <subfield code="e">traductor</subfield>
  </datafield>
  <datafield tag="700" ind1=" " ind2=" ">
    <subfield code="a">Colom, Mar&#xED;a,</subfield>
    <subfield code="9">10807</subfield>
    <subfield code="e">traductor</subfield>
  </datafield>
  <datafield tag="942" ind1=" " ind2=" ">
    <subfield code="c">BK</subfield>
  </datafield>
  <datafield tag="945" ind1=" " ind2=" ">
    <subfield code="a">Catherine Arias Alvarez</subfield>
  </datafield>
  <datafield tag="952" ind1=" " ind2=" ">
    <subfield code="0">0</subfield>
    <subfield code="1">0</subfield>
    <subfield code="2">ddc</subfield>
    <subfield code="3">0</subfield>
    <subfield code="4">0</subfield>
    <subfield code="7">0</subfield>
    <subfield code="8">GEN</subfield>
    <subfield code="a">FUSBC</subfield>
    <subfield code="b">FUSBC</subfield>
    <subfield code="d">2024-10-01</subfield>
    <subfield code="l">0</subfield>
    <subfield code="o">G 234.16 C511s</subfield>
    <subfield code="p">25071</subfield>
    <subfield code="r">2024-10-01 00:00:00</subfield>
    <subfield code="t">Ej. 1</subfield>
    <subfield code="w">2024-10-01</subfield>
    <subfield code="y">BK</subfield>
    <subfield code="B">0</subfield>
    <subfield code="k">2</subfield>
  </datafield>
  <datafield tag="999" ind1=" " ind2=" ">
    <subfield code="c">70998</subfield>
    <subfield code="d">70998</subfield>
  </datafield>
</record>
